Представление документа в формате MARC21

Поле Инд. ПП Название Значение
Тип записи a
Библиографический уровень m
001 Контрольный номер b23edcc5-6912-408b-a5d4-a0a647342ad7
005 Дата корректировки 20140703174251.4
008 Кодируемые данные 080924
020 c Цена, тираж б/ц
040 a Служба первич. каталог. НБ ТвГУ
041 a Код языка текста rus
080 a Индекс УДК 347.195:347.122(043.3)
084 a Индекс другой классификации/Индекс ББК Х404.013я031
090 a Полочн. индекс Х404.0
x Авторский знак К43
100 1_ a Автор Кирсанов Константин Александрович
245 10 a Заглавие Гражданско-правовое регулирование организационных отношений
b Продолж. заглавия автореф. дис. ... канд. юрид. наук : 12.00.03
c Ответственность ГОУ ВПО "Урал. гос. юрид. акад.", Каф. гражд. права
260 1_ a Место издания Екатеринбург
b Издательство б. и.
c Дата издания 2008
300 a Объем 27 с.
500 a Примечание На правах рукоп.
504 a Библиография Библиогр. в конце кн. и в подстроч. примеч.
583 a Действие Получение впервые 211 24.09.2008
650 a Основная рубрика Юридические лица
x Основная подрубрика Гражданские правоотношения
650 a Основная рубрика Субъекты гражданского права
650 a Основная рубрика Организационные отношения
x Основная подрубрика Правовое регулирование
650 a Основная рубрика Гражданское право
z Географическая подрубрика Российская Федерация
653 a Ключевые слова Авторефераты
a Ключевые слова Гражданские правоотношения
a Ключевые слова Гражданское право
a Ключевые слова Гражданско-правовое регулирование
a Ключевые слова Организационные отношения
a Ключевые слова Субъекты гражданского права
a Ключевые слова Юридические лица
666 a А/Р н
852 t Порядковый номер экземпляра 1
p Инвентарный номер б/н
888 a Бесплатные
930 a Новая/Ретро авторефераты
952 p 211.2008 б/ц 1 б/н
954 a Дата поступления на обработку 20090505
999 a Подразделение 2 Фил1